000 00640nam a2200253Ia 4500
003 OSt
005 20221006144031.0
006 a|||||r|||| 00| 0
007 ta
008 221006b |||||||| |||| 00| 0 eng d
020 _c
_14.95
024 _a10,698
037 _cTextual
040 _aEASL
_cEASL
_beng
041 _2eng
_aeng
082 _aW691.1.N7, L8
100 _aKAPLAN Morton A Ed.
245 0 _aMany faces of communism
260 _aNew York
_bFree Press
_c1978
300 _a366p.
_ccm.
490 _v Oth
942 _hW691.1.N7, L8
_cTEXL
_2CC
999 _c1078784
_d1078784